Espacios de lectura : estrategias metodológicas para la formación de lectores /

Guardado en:
Detalles Bibliográficos
Autor principal: Arenzana, Ana (autor)
Otros autores: García, Aureliano (autor) (autor)
Formato: Libro
Idioma:Español
Publicado: México : Fondo Nacional para la Cultura y las Artes, 1995, c1995
Temas:
Etiquetas: Agrega una etiqueta
Sin etiquetas, Sé el primero en etiquetar este registro!

MARC

LEADER 00000nam^a2200000^a^4500
001 000054932
005 20250521000000.0
009 20260310090529.096
020 |a 970-91530-0-5 
037 |a Acervo ITESO - Biblioteca 
041 |a ESP 
082 |a 372. 4  |b ARE 
100 |a Arenzana, Ana  |e (autor) 
245 1 0 |a Espacios de lectura :  |b estrategias metodológicas para la formación de lectores /  |c A. Arenzana, A. García. 
264 4 |a México :  |b Fondo Nacional para la Cultura y las Artes,  |c 1995, c1995 
300 |a 175 p. 
336 |a texto  |b txt  |2 rdacontenido 
337 |a sin mediación  |b n  |2 rdamedio 
338 |a volumen  |b nc  |2 rdasoporte 
649 |a XX 
650 |a Lectura -  |x Estudio y Enseñanza 
650 |a Proceso Educativo 
650 |a Educación 
700 |a García, Aureliano  |e (autor) 
910 |a Fondo General 
920 |a Impresos - Libros 
930 |a Colección General 
905 |a 101 
901 |a 0500013828  |b IT1  |c ACC  |u 20250521 
902 |a https://opac.biblio.iteso.mx/vufind/Record/000054932